<?xml version="1.0" encoding="UTF-8"?>
<record
    xmlns:xsi="http://www.w3.org/2001/XMLSchema-instance"
    xsi:schemaLocation="http://www.loc.gov/MARC21/slim http://www.loc.gov/standards/marcxml/schema/MARC21slim.xsd"
    xmlns="http://www.loc.gov/MARC21/slim">

  <leader>01049nam1a22002411i 4500</leader>
  <controlfield tag="001">rc\179342</controlfield>
  <controlfield tag="005">20260407151028.0</controlfield>
  <datafield tag="035" ind1=" " ind2=" ">
    <subfield code="a">(NLR Aleph) 008770716</subfield>
  </datafield>
  <datafield tag="090" ind1=" " ind2=" ">
    <subfield code="a">7922351</subfield>
    <subfield code="c">7922351</subfield>
  </datafield>
  <datafield tag="100" ind1=" " ind2=" ">
    <subfield code="a">20030307g19919999u  |0rusy50      ca</subfield>
  </datafield>
  <datafield tag="101" ind1="0" ind2=" ">
    <subfield code="a">rus</subfield>
  </datafield>
  <datafield tag="102" ind1=" " ind2=" ">
    <subfield code="a">RU</subfield>
  </datafield>
  <datafield tag="105" ind1=" " ind2=" ">
    <subfield code="a">y   |||||||||</subfield>
  </datafield>
  <datafield tag="200" ind1="1" ind2=" ">
    <subfield code="a">&#x41F;&#x440;&#x43E;&#x433;&#x440;&#x435;&#x441;&#x441;&#x438;&#x432;&#x43D;&#x44B;&#x439; &#x43C;&#x435;&#x442;&#x430;&#x43B;&#x43B;&#x43E;&#x440;&#x435;&#x436;&#x443;&#x449;&#x438;&#x439; &#x438;&#x43D;&#x441;&#x442;&#x440;&#x443;&#x43C;&#x435;&#x43D;&#x442;</subfield>
    <subfield code="e">[&#x410;&#x43B;&#x44C;&#x431;&#x43E;&#x43C;]</subfield>
    <subfield code="f">&#x412;&#x41D;&#x418;&#x418; &#x438;&#x43D;&#x444;&#x43E;&#x440;&#x43C;. &#x438; &#x442;&#x435;&#x445;&#x43D;.-&#x44D;&#x43A;&#x43E;&#x43D;. &#x438;&#x441;&#x441;&#x43B;&#x435;&#x434;. &#x43F;&#x43E; &#x43C;&#x430;&#x448;&#x438;&#x43D;&#x43E;&#x441;&#x442;&#x440;&#x43E;&#x435;&#x43D;&#x438;&#x44E; &#x438; &#x440;&#x43E;&#x431;&#x43E;&#x442;&#x43E;&#x442;&#x435;&#x445;&#x43D;&#x438;&#x43A;&#x435;</subfield>
    <subfield code="g">[&#x422;.&#x41E;. &#x415;&#x43B;&#x430;&#x43D;&#x43E;&#x432;&#x430;]</subfield>
  </datafield>
  <datafield tag="210" ind1=" " ind2=" ">
    <subfield code="a">&#x41C;.</subfield>
    <subfield code="c">&#x412;&#x41D;&#x418;&#x418;&#x422;&#x42D;&#x41C;&#x420;</subfield>
    <subfield code="d">1991-</subfield>
  </datafield>
  <datafield tag="215" ind1=" " ind2=" ">
    <subfield code="d">29</subfield>
  </datafield>
  <datafield tag="606" ind1="1" ind2=" ">
    <subfield code="a">&#x420;&#x435;&#x436;&#x443;&#x449;&#x438;&#x435; &#x438;&#x43D;&#x441;&#x442;&#x440;&#x443;&#x43C;&#x435;&#x43D;&#x442;&#x44B;</subfield>
    <subfield code="j">&#x427;&#x435;&#x440;&#x442;&#x435;&#x436;&#x438;</subfield>
    <subfield code="2">rkp</subfield>
  </datafield>
  <datafield tag="702" ind1=" " ind2="1">
    <subfield code="a">&#x415;&#x43B;&#x430;&#x43D;&#x43E;&#x432;&#x430;</subfield>
    <subfield code="b">&#x422;.&#x41E;.</subfield>
    <subfield code="4">220</subfield>
  </datafield>
  <datafield tag="712" ind1="0" ind2="2">
    <subfield code="a">&#x412;&#x41D;&#x418;&#x418; &#x438;&#x43D;&#x444;&#x43E;&#x440;&#x43C;&#x430;&#x446;&#x438;&#x438; &#x438; &#x442;&#x435;&#x445;&#x43D;&#x438;&#x43A;&#x43E;-&#x44D;&#x43A;&#x43E;&#x43D;&#x43E;&#x43C;&#x438;&#x447;&#x435;&#x441;&#x43A;&#x438;&#x445; &#x438;&#x441;&#x441;&#x43B;&#x435;&#x434;&#x43E;&#x432;&#x430;&#x43D;&#x438;&#x439; &#x43F;&#x43E; &#x43C;&#x430;&#x448;&#x438;&#x43D;&#x43E;&#x441;&#x442;&#x440;&#x43E;&#x435;&#x43D;&#x438;&#x44E; &#x438; &#x440;&#x43E;&#x431;&#x43E;&#x442;&#x43E;&#x442;&#x435;&#x445;&#x43D;&#x438;&#x43A;&#x435;</subfield>
    <subfield code="3">RU\NLR\AUTH\8810025966</subfield>
    <subfield code="9">550158</subfield>
  </datafield>
  <datafield tag="801" ind1=" " ind2="0">
    <subfield code="a">RU</subfield>
    <subfield code="b">NLR</subfield>
    <subfield code="g">psbo</subfield>
  </datafield>
  <datafield tag="801" ind1=" " ind2="1">
    <subfield code="a">RU</subfield>
    <subfield code="b">ELAR</subfield>
    <subfield code="2">rusmarc</subfield>
  </datafield>
  <datafield tag="852" ind1=" " ind2=" ">
    <subfield code="a">NLR</subfield>
    <subfield code="b">&#x41F;&#x442;</subfield>
    <subfield code="j">36.71/688</subfield>
  </datafield>
  <datafield tag="942" ind1=" " ind2=" ">
    <subfield code="c">BOOK</subfield>
  </datafield>
</record>
